5 Time #1 Artists in the US (Billboard) - Statistics

General Stats
  • This quiz has been taken 423 times
    374 since last reset
  • The average score is 12 of 35
Answer Stats
Artist % Correct
The Beatles
85%
Michael Jackson
79%
Madonna
74%
Janet Jackson
72%
Mariah Carey
62%
Beyonce
60%
Rihanna
60%
The Rolling Stones
59%
Elvis Presley
58%
Britney Spears
54%
Whitney Houston
53%
George Michael
51%
Katy Perry
51%
Elton John
49%
Prince
36%
Christina Aguilera
32%
Stevie Wonder
32%
Bee Gees
29%
The Supremes
29%
Usher
27%
Diana Ross
23%
Eagles
23%
Barbra Streisand
19%
Phil Collins
19%
Lionel Richie
15%
Boyz II Men
14%
Paula Abdul
14%
Olivia Newton-John
13%
Hall & Oates
11%
Wings
10%
The Four Seasons
6%
P.Diddy
5%
Ludacris
4%
KC and the Sunshine Band
2%
Pat Boone
2%
No matching quizzes found
Score Distribution
Percent of People with Each Score
Percentile by Number Answered
Your Score History
You have not taken this quiz since the last reset